| 000 | 01131nam a2200241Ia 4500 | ||
|---|---|---|---|
| 003 | Ost | ||
| 005 | 20260507075305.0 | ||
| 008 | 260507s9999||||xx |||||||||||||| ||und|| | ||
| 020 | _a6699327977 | ||
| 040 | _cfsecg | ||
| 041 | _aara | ||
| 082 | _a330 | ||
| 100 |
_aشهاب، محمد _eمؤلف |
||
| 245 | 0 |
_aأساسيات التحكيم التجاري الدولي و القوانين و الاتفاقيات المنظمة للتحكيم عربيا و عالميا / _c محمد شهاب |
|
| 260 |
_a(القاهرة): _bمكتبة الوفاء القانونية, _c2009 |
||
| 300 |
_a384 صفحة؛ _c25 سم |
||
| 504 | _aملحق صور ص.365 | ||
| 520 | _aاساسيات التحكيم التجاري الدولي ، الاتفاقيات الدولية المتصلة بالتحكيم التجاري الدولي و اهم مراطزه في العالم ، التحكيم عبر الانترنيت و المنظمات غير الحكومية في مجال التحكيم. | ||
| 653 | _aالتحكيم | ||
| 653 | _aالتحكيم التجاري | ||
| 653 | _aالتحكيم الدولي | ||
| 942 | _cكتاب | ||
| 999 |
_c43808 _d43808 |
||